| 000 | 00887nam a22002297a 4500 | ||
|---|---|---|---|
| 003 | MN-UlNLM | ||
| 005 | 20220426114449.0 | ||
| 008 | 160930t xxu||||| |||| 00| 0 mon d | ||
| 020 | _a978-99973-909-6-7 | ||
| 040 | _aМонгол Улсын Үндэсний номын сан | ||
| 084 |
_2NNA _a84(0)-44 _bА 164 _q84 |
||
| 245 | 1 |
_aАварга том далавчтай өвгөн _bӨрнө, дорнын шилмэл өгүүллэгийн түүвэр _cОрч. Б.Баясгалан _cРед. Я.Баяраа |
|
| 260 | 1 |
_aУБ _bМөнгөн пресс _c2014 |
|
| 300 | _a157x | ||
| 546 | _aMongolia | ||
| 651 | _aМонгол | ||
| 653 | _aУран зохиол | ||
| 740 |
_aГурав дахь шөнө. _aШаазгай. _aҮлгэрч. _aХүүхэд. _aҮс. _aЦарай. _aЗул сар. _aПикассо. _aДом. |
||
| 856 | _aprintbook | ||
| 942 | _cBK | ||
| 999 |
_c76593 _d76650 |
||